Word Ladder: Hollywood Comedy Legend Quiz Stats

 Plays Quiz Updated Jun 28, 2019

Score 0/20 Timer 02:00
1 Play Today
Clue 3-Letter Word % Correct
Make a wagerBET
98.3%
Not amateurPRO
97.1%
• Sis counterpart •• BRO •
96.6%
Canine mammalDOG
96.4%
Encountered beforeMET
96.1%
Settle a debtPAY
95.8%
Baseball clubBAT
95.4%
Audience insultBOO
95%
Mother of a fawnDOE
94.9%
Ocean inletBAY
94.8%
Clue 3-Letter Word % Correct
Pirate's 'yes'AYE
94.7%
Hair stainDYE
94.7%
MarshlandBOG
94.2%
Crowbar actionPRY
94%
• Gibson or Tormé, e.g. •• MEL •
93.3%
Tailless primateAPE
91.1%
Quick to learnAPT
82.6%
Make a choiceOPT
76.9%
• Authorizes •• OKS •
58.7%
Wife of Saturn, in Roman mythologyOPS
56.1%

Today's Daily Dose

Missing Word
Celine Dion

Word Ladder
Dr. Seuss Books

Quick Pick
Cities in India

Get the Picture
'A' Actresses

You're not logged in!

Compare scores with friends on all Sporcle quizzes.
OR
Log In

Sporcle TV

Today on Sporcle TV


Watch our educational content, quiz creation guides, and fun videos on Sporcle TV.

Show Comments

Extras

Top Quizzes Today


Score Distribution

Your Account Isn't Verified!

In order to create a playlist on Sporcle, you need to verify the email address you used during registration. Go to your Sporcle Settings to finish the process.

Report this User

Report this user for behavior that violates our Community Guidelines.

Details: